Catalog

Record Details

Catalog Search



The pillagers' guide to arctic pianos / Kendra ... Read More

Langford Shaw, Kendra,(author., Author, Author).

Available copies

  • 1 of 2 copies available at LARL/NWRL Consortium.
  • 1 of 2 copies available at Lake Agassiz Regional Library. (Show preferred library)

Current holds

1 current hold with 2 total copies.

Show Only Available Copies
Location Call Number / Copy Notes Barcode Shelving Location Status Due Date
Ada Public Library LAN (Text) 33500014388748 New Available -
Breckenridge Public Library LAN (Text) 33500014388730 New On holds shelf -

Record details

  • ISBN: 9780593702437
  • ISBN: 0593702433
  • ISBN: 9780593702444
  • ISBN: 0593702441
  • Physical Description: 283 pages : maps ; 24 cm.
  • Edition: First hardcover edition.
  • Publisher: New York : Pantheon Books, 2026.

Content descriptions

Summary, etc.:
"An exuberant, highly imaginative epic about a ... Read More
In the far reaches of the Territory of the Arctic, ... Read More
Subject: Families > Arctic regions > Fiction.
Treasure troves > Arctic regions > Fiction.
Treasure hunting > Arctic regions > Fiction.
Antiques business > Arctic regions > Fiction.
Piano > Arctic regions > Fiction.
Piano > Arctic regions.
Genre: Epic fiction.
Alternative histories (Fiction)
Domestic fiction.
Novels.
Fiction.
LDR 04179cam a22006498i 4500
001484299
003LARL_NWRL_CONSORTIUM
00520260602193304.0
008250523s2026 nyub e 000 1 eng
010 . ‡a 2025023624
040 . ‡aDLC ‡beng ‡erda ‡cDLC ‡dOCLCO ‡dOQX ‡dOCLCO ‡dUAG ‡dIUK ‡dRNL ‡dOCLCO
020 . ‡a9780593702437 ‡q(hardcover)
020 . ‡a0593702433 ‡q(hardcover)
020 . ‡a9780593702444 ‡q(trade paperback)
020 . ‡a0593702441 ‡q(trade paperback)
035 . ‡a(OCoLC)1533661913
042 . ‡apcc
1001 . ‡aLangford Shaw, Kendra, ‡eauthor. ‡4aut ‡4http://id.loc.gov/vocabulary/relators/aut ‡1http://id.loc.gov/rwo/agents/n2025521369
24514. ‡aThe pillagers' guide to arctic pianos / ‡cKendra Langford Shaw.
250 . ‡aFirst hardcover edition.
264 1. ‡aNew York : ‡bPantheon Books, ‡c2026.
300 . ‡a283 pages : ‡bmaps ; ‡c24 cm.
334 . ‡asingle unit ‡bmono ‡0http://id.loc.gov/vocabulary/issuance/mono
336 . ‡atext ‡btxt ‡2rdacontent ‡0http://id.loc.gov/vocabulary/contentTypes/txt
337 . ‡aunmediated ‡bn ‡2rdamedia ‡0http://id.loc.gov/vocabulary/mediaTypes/n
338 . ‡avolume ‡bnc ‡2rdacarrier ‡0http://id.loc.gov/vocabulary/carriers/nc
520 . ‡a"An exuberant, highly imaginative epic about a family that settles, against all odds, in the far reaches of the Arctic and the unexpected industry that keeps them afloat for generations"-- Provided by publisher.
520 . ‡aIn the far reaches of the Territory of the Arctic, the Spahr family lives on a fjord accessible only by kayak and float plane, in a landscape rapidly changing as glaciers melt and sea levels rise. Their home is Jubilation House, aptly they are a family of free spirit and full-hearted love, descendants of the homesteaders who came to this place in a reckless scheme to civilize the Glacial Front. They live off the grid in a converted fisherman's shack, selling pickled octopus and sea crops, barely scraping by. With every day, their livelihood seems ever more precarious. Then one of their few neighbors dredges up a centuries-old piano, a vestige from the original homesteading expedition, when every family was required to haul a six-hundred-pound instrument as a sign of mannerly society—almost none made it to their final destination. Now, this intricately carved beauty has emerged, perfectly preserved from the frigid Arctic waters, and the antique treasure becomes a priceless collectors’ item. A new economic boom seizes the territory—piano hunting—and the Spahrs throw themselves into the quest with full-throated aplomb. But the costs of their possible salvation soon begin to mount.
650 0. ‡aFamilies ‡zArctic regions ‡vFiction.
650 0. ‡aTreasure troves ‡zArctic regions ‡vFiction.
650 0. ‡aTreasure hunting ‡zArctic regions ‡vFiction.
650 0. ‡aAntiques business ‡zArctic regions ‡vFiction.
650 0. ‡aPiano ‡zArctic regions ‡vFiction.
650 0. ‡aPiano ‡zArctic regions.
655 7. ‡aEpic fiction. ‡2lcgft
655 7. ‡aAlternative histories (Fiction) ‡2lcgft
655 7. ‡aDomestic fiction. ‡2lcgft
655 7. ‡aNovels. ‡2lcgft
655 7. ‡aFiction. ‡2lcgft
758 . ‡1http://id.loc.gov/resources/instances/24216976
758 . ‡4http://id.loc.gov/ontologies/bibframe/instanceOf ‡1http://id.loc.gov/resources/works/24216976
884 . ‡aDLC bibframe2marc v3.1-dev ‡g20251218 ‡qDLC ‡uhttps://github.com/lcnetdev/bibframe2marc/tree/v3.1-dev
901 . ‡a484299 ‡bOCoLC ‡c484299 ‡tbiblio ‡soclc

Additional Resources